| 000 | 00837pam a2200253 a 4500 | ||
|---|---|---|---|
| 001 | 1162535 | ||
| 003 | OSt | ||
| 005 | 20241028132411.0 | ||
| 008 | 960429s1997 njua b 001 0 eng | ||
| 020 | _a9780133419672 | ||
| 040 | _cm | ||
| 050 | 0 | 0 |
_aNA2708 _b.G65 1997 |
| 082 | 0 | 0 |
_a720/.28/4 _220 |
| 100 | 1 | _aGoldman, Glenn. | |
| 245 | 1 | 0 |
_aArchitectural graphics : _btraditional and digital communication / _cGlenn Goldman. |
| 260 |
_aUpper Saddle River, NJ : _bPrentice Hall, _cc1997. |
||
| 300 |
_axiv, 297 p. : _bill. (some col.) ; _c21 x 29 cm. |
||
| 650 | 0 |
_aArchitectural drawing _xTechnique. |
|
| 650 | 0 |
_aArchitectural drawing _xData processing. |
|
| 650 | 0 |
_aArchitectural rendering _xTechnique. |
|
| 650 | 0 |
_aArchitectural rendering _xData processing. |
|
| 650 | 0 | _aCommunication in architectural design. | |
| 942 |
_2lcc _cBK _n0 |
||
| 999 |
_c281 _d281 |
||